Taylor Swift Colour Lyrics in Pictures #2 - Statistics

General Stats
  • This quiz has been taken 270 times
  • The average score is 10 of 15
Answer Stats
Question Answer % Correct
________ lips, crystal skies. I can show you incredible things.
94%
You sit in class next to a _______ named Abigail and soon enough, you're best friends.
78%
_________, Sunrise Boulevard. Clink, clink. Being this young is art.
75%
Oh damn, never seen that colour ______.
74%
The autumn chill that wakes me up. You loved the ______ skies so much.
70%
After ______ shirt days and nights when you made me your own.
67%
________ tears on my face, sadness became my whole sky.
67%
Sequined smile, _______ lipstick, sensual politics
66%
I look in people's windows, transfixed by ________ glows.
62%
After everything and that little ______ dress.
59%
________, saw a thirties bride and two lovers laughin' on the porch of their first house.
58%
I feel you no matter what, the _______ that I gave up.
56%
You put up walls and paint them all a shade of _____.
50%
I'll paint the kitchen ______, I'll brighten up the sky.
50%
I could see this view a hundred times,_______ sky reflected in your eyes.
34%
No matching quizzes found
Score Distribution
Percent of People with Each Score
Percentile by Number Answered
Your Score History
You have not taken this quiz